Science: Who Died First? Quiz Stats

 Plays Quiz not verified by Sporcle

Challenge
Share
Tweet
Embed
Score 0/20 Timer 03:00
0 Plays Today
Question Answer Wrong Answers
Who Died First? Charles Darwin
74.3%
Sigmund Freud
17.6%
Who Died First? George Washington Carver
72.5%
Carl Sagan
17.7%
Who Died First? René Descartes
70.6%
Ada Lovelace
20.6%
Who Died First? Alfred Nobel
67.3%
Alfred Kinsey
24%
Who Died First? Louis Pasteur
61.9%
Alexander Fleming
28.9%
Who Died First? Alexander Graham Bell
59.7%
Thomas Edison
32.3%
Who Died First? Albert Einstein
58.4%
J. Robert Oppenheimer
32.8%
Who Died First? Pierre Curie
56.7%
Marie Curie
35.2%
Who Died First? Nicolaus Copernicus
55.9%
Galileo Galilei
35.2%
Who Died First? Gregor Mendel
55.7%
Dmitri Mendeleev
34.7%
Who Died First? Pythagoras
55.1%
Archimedes
37.8%
Who Died First? Ivan Pavlov
53.9%
Niels Bohr
37.5%
Who Died First? Nikola Tesla
53.1%
Enrico Fermi
37.6%
Who Died First? Euclid
52.9%
Ptolemy
38.6%
Who Died First? Alan Turing
52.7%
Grace Hopper
38.5%
Who Died First? Paul Broca
49.4%
Carl Wernicke
42.3%
Who Died First? Johannes Kepler
49.3%
Isaac Newton
41.3%
Who Died First? Ernest Rutherford
49.1%
J. J. Thomson
42%
Who Died First? Leonhard Euler
46.1%
Amedeo Avogadro
44.9%
Who Died First? Dian Fossey
43.3%
Glenn T. Seaborg
48.1%

You're not logged in!

Compare scores with friends on all Sporcle quizzes.
OR
Log In

You Might Also Like...

Show Comments

Extras

Editor's Pick Nov 11, 2017ReportNominate
Tags:General Science Quiz, scientist

Top Quizzes Today


Score Distribution

Your Account Isn't Verified!

In order to create a playlist on Sporcle, you need to verify the email address you used during registration. Go to your Sporcle Settings to finish the process.

Report this User

Report this user for behavior that violates our Community Guidelines.

Details: